00586 2200217 4500001002100000005001500021035002000036007000300056008004100059020002200100082001000122084001600132100001900148245009100167250001000258260003600268300002100304650001500325990001500340990001300355INLIS00000000000776320260602081419 a0010-0626000003ta260602 | | ind  a978-623-92074-1-0 a658.8 a658.8 AND c0 aAndre Rahmanto1 aCity Branding :bStrategi Komunikasi dalam Memasarkan Potensi Daerah /cAndre Rahmanto aCet 1 aMalang :bEmpatdua Media,c2020 a204 hlm ;c21 cm 4aGovernment a084.2/2023 a084/2023